[Event "Bad Woerishofen Seniors op 28th"]
[Site "Bad Woerishofen"]
[Date "2012.03.08"]
[Round "7.30"]
[White "Reimann, Guenther"]
[Black "Kolb, Werner"]
[Result "1-0"]
[WhiteElo "1795"]
[BlackElo "1642"]
[PlyCount "65"]
[EventDate "2012.03.02"]
[EventType "swiss"]
[EventRounds "9"]
[EventCountry "GER"]
[SourceTitle "EXT 2022"]
[Source "ChessBase"]
[SourceDate "2021.10.06"]
[SourceVersion "1"]
[SourceVersionDate "2021.10.06"]
[SourceQuality "1"]

1. c4 c5 2. Nf3 Nf6 3. d3 Nc6 4. g3 g6 5. Bg2 Bg7 6. 0-0 0-0 7. Nbd2 d6 8. Rb1 Rb8 9. a3 Nd7 10. b4 Nce5 11. Qc2 b6 12. Bb2 Qc7 13. Ng5 h6 14. Nge4 Bb7 15. f4 Ng4 16. Bxg7 Kxg7 17. Bf3 f5 18. Qb2+ Kg8 19. Nc3 Bxf3 20. Nxf3 Ngf6 21. Nh4 Kh7 22. Rbe1 e5 23. Nb5 Qd8 24. Nxa7 Rb7 25. Nc6 Qe8 26. fxe5 Nxe5 27. Nxe5 Qxe5 28. Qxe5 dxe5 29. Rb1 Rfb8 30. Rb2 cxb4 31. Rxb4 Ng4 32. Rb2 g5 33. Nxf5 1-0

[Event "Bad Woerishofen Seniors op 28th"]
[Site "Bad Woerishofen"]
[Date "2012.03.07"]
[Round "6.45"]
[White "Kolb, Werner"]
[Black "Thonig, Manfred"]
[Result "1-0"]
[WhiteElo "1642"]
[BlackElo "1553"]
[PlyCount "75"]
[EventDate "2012.03.02"]
[EventType "swiss"]
[EventRounds "9"]
[EventCountry "GER"]
[SourceTitle "EXT 2022"]
[Source "ChessBase"]
[SourceDate "2021.10.06"]
[SourceVersion "1"]
[SourceVersionDate "2021.10.06"]
[SourceQuality "1"]

1. e4 g6 2. d4 Bg7 3. Bc4 d6 4. Nf3 e6 5. Nc3 c6 6. Bg5 f6 7. Be3 d5 8. Bb3 Ne7 9. Qd2 h6 10. 0-0-0 b5 11. Rhe1 Nd7 12. exd5 exd5 13. Bf4 Nb6 14. Re2 g5 15. Bg3 0-0 16. h3 Nc4 17. Bxc4 bxc4 18. Na4 Nf5 19. Bh2 Nd6 20. Nc5 Kf7 21. Rde1 c3 22. bxc3 Rb8 23. Re7+ Kg8 24. Bxd6 Qxd6 25. Rxa7 Qd8 26. Ree7 Bh8 27. Qd3 f5 28. Ne5 Qb6 29. Ng6 Qb2+ 30. Kd2 Bf6 31. Re1 Rf7 32. Rxf7 Kxf7 33. Ne5+ Bxe5 34. Rxe5 Kf6 35. Qe2 Qxa2 36. Qh5 Kg7 37. Re7+ Kh8 38. Qe8# 1-0

[Event "Bad Woerishofen Seniors op 28th"]
[Site "Bad Woerishofen"]
[Date "2012.03.05"]
[Round "4.30"]
[White "Kolb, Werner"]
[Black "Schmitt, Karl"]
[Result "1/2-1/2"]
[WhiteElo "1642"]
[BlackElo "1769"]
[PlyCount "58"]
[EventDate "2012.03.02"]
[EventType "swiss"]
[EventRounds "9"]
[EventCountry "GER"]
[SourceTitle "EXT 2022"]
[Source "ChessBase"]
[SourceDate "2021.10.06"]
[SourceVersion "1"]
[SourceVersionDate "2021.10.06"]
[SourceQuality "1"]

1. e4 c5 2. Nf3 e6 3. d4 cxd4 4. Nxd4 Nc6 5. Nc3 Qc7 6. Be3 a6 7. Be2 b5 8. 0-0 Bb7 9. Kh1 Nf6 10. f3 Be7 11. Rc1 0-0 12. Nxc6 dxc6 13. Qe1 c5 14. Bf2 Rfd8 15. Nd1 Rd7 16. Bg3 Qc6 17. c4 b4 18. Nf2 Rad8 19. e5 Nh5 20. Ne4 Nxg3+ 21. Qxg3 Kh8 22. Rfd1 f5 23. Ng5 Bxg5 24. Qxg5 Rxd1+ 25. Rxd1 Rxd1+ 26. Bxd1 Qd7 27. Bb3 h6 28. Qe3 Qc6 29. Qd2 Qc7 1/2-1/2